Общее производство о наградах чиновников и других лиц ведомства Департамента полиции исполнительной

Доступно только в Электронных читальных залах Найти на картеНа карте
RUSMARC
00003944nmc2a2200000 x 450
001970f7c80-bf20-4a20-a4d5-29984ca4a724
00520160315175436.0
100##$a20150916l18271830k l0rusy0189 ca
1010#$arus
102##$aRU
2001#$aОбщее производство о наградах чиновников и других лиц ведомства Департамента полиции исполнительной
$j20 января 1827 г. - 22 мая 1830 г.
$hЧасть 2
251##$cДело
300##$aОриг. заголовок дела: Дело по отношениям о награждении чиновников и других лиц, вносимых в общий список. Часть 2. 20 января 1827 г. - 22 мая 1830 г
801#0$aRU
$bРГИА
$c20150916
$gRCR
801#1$aRU
$bГлавНИВЦ
$c20150916
$2rusmarc
801#2$aRU
$bПБ им. Б.Н. Ельцина
$c20160315
$gRCR
$2rusmarc
850##$aРГИА
852##$aРГИА
$eФедеральное казенное учреждение "Российский государственный исторический архив" (РГИА)
$j6
$lб
937##$hРГИА
$d12154603
$aASBIBLIO_SCAN
462#0$10017fd3927d-4299-432a-b013-26f3e840c420
$12001
$a1826-1829 гг. Дела Департамента полиции исполнительной МВД за 1827 г.
$1251
$cОпись
$1852
$j4
461#0$10013e300ed0-cd39-49af-8489-5ba5b90fa401
$12001
$aДепартамент полиции исполнительной МВД
$1251
$cФонд
$1852
$j1286
215##$a442 л.
$d36,5х26 см
371##$aДокумент не является опубликованным и широко распространяемым
105##$ay###
1222#$ad
5171#$aДело по отношениям о награждении чиновников и других лиц, вносимых в общий список. Часть 2. 20 января 1827 г. - 22 мая 1830 г
035##$a970f7c80-bf20-4a20-a4d5-29984ca4a724
Формат отображения